00960 a2200193 45000010006000000050017000060080041000230030015000640400040000790800091001192450085002102640029002953000019003245050220003430410008005631000011005717000085005828560099006674505520260407155726.0260407a2016 arg spa dAR-UNSa-BCEJYS aAR-UNSa-BCEJYSbspacAR-UNSa-BCEJYS a338.124xRetroceso de la actividad económica. Contracción económica (Pobreza...)10aPobreza y derechos sociales de niñas, niños y adolescentes en México, 2014 1aMéxico :bUNICEFc2016 a121 p.c28 cm. a1.Introducción – 2. La pobreza infantil y adolescente en pobreza – 4. Contexto territorial y comunitario – 5. Evolución en los indicadores de pobreza infantil y adolescente – 6. Consideraciones finales. aspa1 aUNICEF1 aConsejo Nacional de Evaluación de la Política de Desarrollo Social (CONEVAL)41uhttps://www.biblioeco.unsa.edu.ar/pmb/images/libros/L127077.jpgyImagen de portadaqimage/jpeg